000 00272 a2200085 4500
020 _a9780367903541
100 _a Sarah Sayce, Sara Wilkinson, Gillian Armstrong, Samantha Organ
245 _aResilient Building Retrofits: Combating The Climate Crisis
260 _bRoutledge
_c2023
999 _c13119
_d13119